Разработка стенда на основе 3-х фазного сепаратора в нефтегазовой промышленности; Молодежь и современные информационные технологии

Detaylı Bibliyografya
Parent link:Молодежь и современные информационные технологии.— 2021.— [С. 481-482]
Yazar: Цавнин А. В. Алексей Владимирович
Müşterek Yazar: Национальный исследовательский Томский политехнический университет Инженерная школа информационных технологий и робототехники Отделение автоматизации и робототехники
Diğer Yazarlar: Польников А. А., Тихонов А. А.
Özet:Заглавие с титульного экрана
Dil:Rusça
Baskı/Yayın Bilgisi: 2021
Seri Bilgileri:Автоматизация технологических процессов и производств
Konular:
Online Erişim:http://earchive.tpu.ru/handle/11683/67984
Materyal Türü: MixedMaterials Elektronik Kitap Bölümü
KOHA link:https://koha.lib.tpu.ru/cgi-bin/koha/opac-detail.pl?biblionumber=633287

MARC

LEADER 00000naa2a2200000 4500
001 633287
005 20250506153744.0
035 |a (RuTPU)RU\TPU\conf\35035 
035 |a RU\TPU\conf\35032 
090 |a 633287 
100 |a 20210708d2021 k y0rusy50 ca 
101 0 |a rus 
102 |a RU 
105 |a y z 101zy 
135 |a drgn ---uucaa 
181 0 |a i  
182 0 |a b 
200 1 |a Разработка стенда на основе 3-х фазного сепаратора в нефтегазовой промышленности  |f А. В. Цавнин, А. А. Польников, А. А. Тихонов 
203 |a Текст  |c электронный 
225 1 |a Автоматизация технологических процессов и производств 
300 |a Заглавие с титульного экрана 
320 |a [Библиогр.: с. 482 (6 назв.)] 
463 0 |0 (RuTPU)RU\TPU\conf\34857  |t Молодежь и современные информационные технологии  |o сборник трудов XVIII Международной научно-практической конференции студентов, аспирантов и молодых учёных, 22-26 марта 2021 г., г. Томск  |f Национальный исследовательский Томский политехнический университет, Инженерная школа информационных технологий и робототехники ; под ред. Н. Г. Маркова [и др.]  |v [С. 481-482]  |d 2021 
610 1 |a электронный ресурс 
610 1 |a труды учёных ТПУ 
610 1 |a сепараторы 
610 1 |a нефтегазовая промышленность 
610 1 |a лабораторные стенды 
610 1 |a 3D-модели 
610 1 |a физические модели 
700 1 |a Цавнин  |b А. В.  |c специалист в области автоматического управления  |c доцент Томского политехнического университета, кандидат технических наук  |f 1993-  |g Алексей Владимирович  |3 (RuTPU)RU\TPU\pers\37088  |9 20098 
701 1 |a Польников  |b А. А. 
701 1 |a Тихонов  |b А. А. 
712 0 2 |a Национальный исследовательский Томский политехнический университет  |b Инженерная школа информационных технологий и робототехники  |b Отделение автоматизации и робототехники  |3 (RuTPU)RU\TPU\col\23553 
801 2 |a RU  |b 63413507  |c 20210809  |g RCR 
850 |a 63413507 
856 4 |u http://earchive.tpu.ru/handle/11683/67984 
942 |c BK